Nueva narrativa / (Record no. 176483)

MARC details
000 -LEADER
campo de control de longitud fija 00827nam a22002295i 4500
001 - NÚMERO DE CONTROL
campo de control 176483
003 - IDENTIFICADOR DE NÚMERO DE CONTROL
campo de control ES-MaACL
005 - FECHA Y HORA DE LA ÚLTIMA TRANSACCIÓN
campo de control 20230906220110.0
008 - DATOS DE LONGITUD FIJA--INFORMACIÓN GENERAL
campo de control de longitud fija 110118s19812010sp a |||| | spa d
020 ## - NÚMERO INTERNACIONAL ESTÁNDAR DEL LIBRO
Número Internacional Estándar del Libro 978-84-612-8064-3 (T. I)
020 ## - NÚMERO INTERNACIONAL ESTÁNDAR DEL LIBRO
Número Internacional Estándar del Libro 978-84-614-2342-2 (T. II)
080 ## - NÚMERO DE LA CLASIFICACIÓN DECIMAL UNIVERSAL
Número de la Clasificación Decimal Universal 821.134.2-32"19"
080 ## - NÚMERO DE LA CLASIFICACIÓN DECIMAL UNIVERSAL
Número de la Clasificación Decimal Universal 821.134.2-14"19"
100 1# - ENTRADA PRINCIPAL--NOMBRE DE PERSONA
Nombre de persona Navarro Zamorano, Salvador.
9 (RLIN) 85196
245 10 - MENCIÓN DEL TÍTULO
Título Nueva narrativa /
Mención de responsabilidad, etc. Salvador Navarro Zamorano, Quintín García Muñoz, Isabel Navarro Reynés.
260 ## - PUBLICACIÓN, DISTRIBUCIÓN, ETC.
Lugar de publicación, distribución, etc. Bunyola (Mallorca) :
Nombre del editor, distribuidor, etc. Salvador Navarro Zamorano,
Fecha de publicación, distribución, etc. 1981-2010.
300 ## - DESCRIPCIÓN FÍSICA
Extensión 2 v. :
Otras características físicas il. bl. y n. ;
Dimensiones 21 cm.
500 ## - NOTA GENERAL
Nota general Tít. y menciones de responsabilidad tomados de la cub.
700 1# - ENTRADA AGREGADA--NOMBRE PERSONAL
Nombre de persona García Muñoz, Quintín.
9 (RLIN) 144070
700 1# - ENTRADA AGREGADA--NOMBRE PERSONAL
Nombre de persona Navarro Reynés, Isabel.
9 (RLIN) 143821
852 ## - LOCALIZACIÓN
Ubicación ES-MaACL
Número de control de estantería E-14086-87
Holdings
Estatus retirado Estado de pérdida Estado de daño No para préstamo Biblioteca de origen Biblioteca actual Ubicación en estantería Fecha de adquisición Fuente de adquisición Total de préstamos Signatura topográfica completa Código de barras Visto por última vez Precio de reemplazo Tipo de ítem Koha
        Biblioteca del Ateneo de Madrid Biblioteca del Ateneo de Madrid Depósito 2 18/01/2011     E-14086-87 1185344 23/02/2023 23/02/2023 Libro impreso